Hodnotenie efektívnosti podnikov využitím metódy DEA

V súčasnosti existuje niekoľko modelových prístupov pre účely kvantitatívnej ekonomickej analýzy. Najpoužívanejšou metódou je analýza obalu údajov (Data Envelopment Analysis – DEA). Modely DEA sú založené na tom, že pre daný problém existuje množina produkčných možností, ktorá je tvorená všetkými pr...

Ausführliche Beschreibung

Gespeichert in:
Bibliographische Detailangaben
1. Verfasser: Diheneščiková, Daniela
Format: Buchkapitel
Sprache:Slowakisch
Schlagworte:
Tags: Tag hinzufügen
Keine Tags, Fügen Sie das erste Tag hinzu!

MARC

LEADER 00000nla a2200000 4500
001 0174469
005 20240502072956.6
041 0 |a slo 
044 |a SK 
245 1 0 |a Hodnotenie efektívnosti podnikov využitím metódy DEA  |c Daniela Diheneščiková 
520 |a V súčasnosti existuje niekoľko modelových prístupov pre účely kvantitatívnej ekonomickej analýzy. Najpoužívanejšou metódou je analýza obalu údajov (Data Envelopment Analysis – DEA). Modely DEA sú založené na tom, že pre daný problém existuje množina produkčných možností, ktorá je tvorená všetkými prípustnými kombináciami vstupov a výstupov. Analýza obalu dát (DEA) je lineárna programovacia technika založená na meraní relatívnej výkonnosti organizačných jednotiek, kde prítomnosť viacerých vstupov a výstupov robí porovnanie ťažkým. 
610 2 0 |a Slovensko 
610 2 0 |a efektívnosť ekonomická 
610 2 0 |a analýza ekonometrická 
610 2 0 |a podnik 
100 1 |a Diheneščiková, Daniela